Kadra reprezentacji Portugalii na Euro 2024 - Statystyki

Ogólne statystyki
  • Ten quiz został rozwiązany 579 razy
  • Średni wynik to 16 z 26
Statystyki odpowiedzi
Zawodnik Pozycja Klub % Poprawnych
Cristiano Ronaldo Napastnik Al-Nassr
96%
António Silva Obrońca Benfica
85%
Bernardo Silva Napastnik Manchester City
85%
Diogo Costa Bramkarz FC Porto
85%
Rafael Leão Napastnik AC Milan
84%
Bruno Fernandes Pomocnik Manchester United
77%
Diogo Jota Napastnik Liverpool
77%
Rúben Dias Obrońca Manchester City
76%
Nuno Mendes Obrońca PSG
73%
João Neves Pomocnik Benfica
70%
Rúben Neves Pomocnik Al-Hilal
70%
Rui Patrício Bramkarz AS Roma
69%
João Félix Napastnik FC Barcelona
68%
Gonçalo Ramos Napastnik PSG
67%
José Sá Bramkarz Wolverhampton
67%
João Cancelo Obrońca FC Barcelona
66%
Vitinha Pomocnik PSG
66%
Diogo Dalot Obrońca Manchester United
62%
Pepe Obrońca FC Porto
58%
Matheus Nunes Pomocnik Manchester City
39%
Danilo Pereira Obrońca PSG
36%
Gonçalo Inácio Obrońca Sporting
36%
Nélson Semedo Obrońca Wolverhampton
36%
João Palhinha Pomocnik Fulham
35%
Pedro Neto Napastnik Wolverhampton
32%
Francisco Conceição Napastnik FC Porto
23%
Nie znaleziono quizów pasujących do podanych kryteriów
Rozkład punktacji
Procent ludzi z każdym wynikiem
Percentyl według liczby udzielonych odpowiedzi
Twoja historia wyników
Nie rozwiązałeś tego quizu